First & Last Labyrinth Quiz Stats

Quiz Updated Oct 13, 2012

Challenge
Share
Tweet
Embed
Score 0/192 Timer 08:00
0 Plays Today
% Correct
reflector
99.8%
FINISH
99.8%
0~O~0~O~0~O~0
92.5%
0~O~0~O~0~O~0
92.5%
desert illusion (mir_)
92.3%
MIRROR
92.3%
0~O~0~O~0~O~0
91.9%
0~O~0~O~0~O~0
91.9%
break, harm (_age)
91.7%
MIRAGE
91.7%
0~O~0~O~0~O~0
88.6%
0~O~0~O~0~O~0
88.6%
maiden (dam_)
88.3%
DAMAGE
88.3%
mink family(_sel)
82.4%
DAMSEL
82.4%
ship (_sel)
82.4%
0~O~0~O~0~O~0
79.3%
0~O~0~O~0~O~0
79.3%
0~O~0~O~0~O~0
75.1%
0~O~0~O~0~O~0
75.1%
0~O~0~O~0~O~0
74.4%
0~O~0~O~0~O~0
74.4%
armament (wea_)
74.1%
WEASEL
74.1%
VESSEL
71.3%
voucher (_pon)
71.2%
WEAPON
71.2%
COUPLE
71%
paper fastener (_ple)
71%
pair (cou_)
71%
COUPON
71%
STAPLE
70.9%
posture (sta_)
70.9%
0~O~0~O~0~O~0
62.8%
0~O~0~O~0~O~0
62.8%
STANCE
62.4%
possibility (_nce)
62.4%
rebound (_nce)
62.4%
CHANCE
61.9%
ski lodge (cha_)
61.9%
0~O~0~O~0~O~0
56.5%
0~O~0~O~0~O~0
56.5%
CHALET
56.1%
croquet need (_let)
56.1%
BOUNCE
55.7%
MALLET
54.4%
illness (mal_)
54.4%
animosity (mal_)
54.4%
0~O~0~O~0~O~0
53.8%
0~O~0~O~0~O~0
53.8%
option (_ice)
51.9%
MALICE
51.9%
join, as wire (_ice)
51.9%
MALADY
48.9%
stable (_ady)
48.9%
CHOICE
46.2%
0~O~0~O~0~O~0
46.1%
0~O~0~O~0~O~0
46.1%
0~O~0~O~0~O~0
46%
0~O~0~O~0~O~0
46%
SPLICE
45.6%
aquatic impact (spl_)
45.6%
0~O~0~O~0~O~0
45.6%
% Correct
0~O~0~O~0~O~0
45.6%
racket sport (_ash)
45.5%
SPLASH
45.5%
flail about (_ash)
45.5%
0~O~0~O~0~O~0
42.8%
0~O~0~O~0~O~0
42.8%
SQUASH
42.7%
ocular scrunch (squ_)
42.7%
0~O~0~O~0~O~0
42.6%
0~O~0~O~0~O~0
42.6%
boombox (ste_)
42.4%
foul odor (ste_)
42.3%
STEADY
42.3%
STENCH
42.1%
soak (_nch)
42.1%
STEREO
41.7%
0~O~0~O~0~O~0
41.3%
0~O~0~O~0~O~0
41.3%
0~O~0~O~0~O~0
41.2%
0~O~0~O~0~O~0
41.2%
DRENCH
40.5%
gloomy (dre_)
40.5%
rustic (_int)
40.3%
SQUINT
40.3%
DREARY
40%
0~O~0~O~0~O~0
36.7%
0~O~0~O~0~O~0
36.7%
THRASH
36.6%
propel (thr_)
36.6%
gullet (thr_)
36.6%
THRUST
34.9%
strong; firm (_ust)
34.9%
THROAT
34%
QUAINT
32.4%
0~O~0~O~0~O~0
31.7%
0~O~0~O~0~O~0
31.7%
0~O~0~O~0~O~0
31.6%
0~O~0~O~0~O~0
31.5%
ROBUST
31.3%
thief (rob_)
31.3%
ROBBER
31.2%
part of a group (_ber)
31.2%
0~O~0~O~0~O~0
31.1%
0~O~0~O~0~O~0
31.1%
MEMBER
30.6%
recall (mem_)
30.6%
postulation (_ory)
30.5%
MEMORY
30.5%
0~O~0~O~0~O~0
29.3%
0~O~0~O~0~O~0
29.3%
THEORY
28.6%
essay point (the_)
28.6%
0~O~0~O~0~O~0
28.4%
0~O~0~O~0~O~0
28.4%
THESIS
27.8%
critical period (_sis)
27.8%
0~O~0~O~0~O~0
25.8%
0~O~0~O~0~O~0
25.8%
0~O~0~O~0~O~0
25.8%
0~O~0~O~0~O~0
25.8%
0~O~0~O~0~O~0
25.8%
0~O~0~O~0~O~0
25.8%
flinch (cri_)
25.6%
CRISIS
25.6%
% Correct
crunchy (cri_)
25.6%
faultfinder (cri_)
25.6%
0~O~0~O~0~O~0
25.6%
0~O~0~O~0~O~0
25.6%
0~O~0~O~0~O~0
25.3%
0~O~0~O~0~O~0
25.3%
porous scrubber (_nge)
25.3%
CRINGE
25.3%
mate (spo_)
25.2%
SPONGE
25.2%
CRISPY
24.9%
blame (_use)
24.4%
stubborn (_use)
24.4%
SPOUSE
24.4%
0~O~0~O~0~O~0
23.6%
0~O~0~O~0~O~0
23.6%
CRITIC
23.5%
distinct speech (acc_)
21.7%
ACCUSE
21.7%
ACCENT
21.4%
father, eg (_ent)
21.4%
0~O~0~O~0~O~0
21.4%
0~O~0~O~0~O~0
21.4%
PARENT
21.3%
spoof (par_)
21.3%
PARODY
21%
tune (_ody)
21%
MELODY
21%
relaxed (mel_)
21%
get (obt_)
20.4%
OBTUSE
20.4%
0~O~0~O~0~O~0
20.4%
0~O~0~O~0~O~0
20.4%
OBTAIN
20.3%
region (_ain)
20.3%
MELLOW
20.2%
head rest (_low)
20.2%
not solid (_low)
20.2%
steal (pil_)
20%
PILLOW
20%
upright support (pil_)
20%
0~O~0~O~0~O~0
20%
0~O~0~O~0~O~0
19.7%
0~O~0~O~0~O~0
19.7%
PILLAR
19.2%
shirt feature (_lar)
19.2%
0~O~0~O~0~O~0
19.1%
0~O~0~O~0~O~0
19.1%
0~O~0~O~0~O~0
19.1%
COLLAR
19%
group of ants (col_)
19%
major crime (_ony)
18.8%
COLONY
18.8%
PILFER
18.8%
FELONY
18.6%
ocelot, eg (fel_)
18.6%
HOLLOW
18%
FELINE
17.8%
severe shortage (_ine)
17.8%
DOMAIN
16.8%
0~O~0~O~0~O~0
15.3%
0~O~0~O~0~O~0
15.3%
WELL DONE
15.1%
FAMINE
15%

You're not logged in!

Compare scores with friends on all Sporcle quizzes.
Join for Free
OR
Log In

You Might Also Like...

Show Comments

Extras

Top Quizzes Today


Score Distribution

Your Account Isn't Verified!

In order to create a playlist on Sporcle, you need to verify the email address you used during registration. Go to your Sporcle Settings to finish the process.

Report this User

Report this user for behavior that violates our Community Guidelines.

Details: